00330nam a2200121Ia 4500008004100000041000800041082001600049100002000065245004500085250001400130260003300144300003100177240624s9999 xx 000 0 und d aeng a658.404 GRA aGRAY CLIFFORD F aPROJECT MANAGEMENT THE MANAGERIAL PROCES a(4th ed.) c2010aNew DelhibMcGraw-Hill axxi, : 706 : p. : cm. ; 23